Provincias de Guinea Ecuatorial - Estadísticas

Estadísticas generales
  • Esta prueba ha sido intentada 19 veces
  • La puntuación promedio es 5 de 8
Respuestas en el mapa
Las respuestas están codificadas por una escala verde-roja en el mapa de la prueba según el % correcto abajo.
 
Estadísticas de respuestas
Provincia % Correcto
Bioko Norte
100%
Bioko Sur
100%
Annobón
88%
Centro Sur
50%
Litoral
50%
Djibloho
25%
Kié-Ntem
25%
Wele-Znas
13%
No se encontraron pruebas coincidentes
Distribución de puntuación
Porcentaje de gente con cada puntuación
Porcentaje por número respondido
Historial de tus puntuaciones
No has intentado esta prueba.